La viuda del zurrador (Record no. 162952)

MARC details
000 -LEADER
campo de control de longitud fija 01151nam a2200229 i 4500
001 - NÚMERO DE CONTROL
campo de control 162952
003 - IDENTIFICADOR DE NÚMERO DE CONTROL
campo de control ES-MaACL
005 - FECHA Y HORA DE LA ÚLTIMA TRANSACCIÓN
campo de control 20250715063127.0
008 - DATOS DE LONGITUD FIJA--INFORMACIÓN GENERAL
campo de control de longitud fija 931025s1874 sp |||| | spa d
080 ## - NÚMERO DE LA CLASIFICACIÓN DECIMAL UNIVERSAL
Número de la Clasificación Decimal Universal 821.134.2-22"18"
100 1# - ENTRADA PRINCIPAL--NOMBRE DE PERSONA
Nombre de persona Ramos Carrión, Miguel,
Fechas asociadas al nombre 1848-1915
9 (RLIN) 95293
245 13 - MENCIÓN DEL TÍTULO
Título La viuda del zurrador
Resto del título : parodia romántica en un acto dividido en dos cuadros /
Mención de responsabilidad, etc. original de Miguel Ramos Carrión y Vital Aza.
260 ## - PUBLICACIÓN, DISTRIBUCIÓN, ETC.
Lugar de publicación, distribución, etc. Madrid :
Nombre del editor, distribuidor, etc. [s.n.],
Fecha de publicación, distribución, etc. 1874 (
Fabricante Imp. de José Rodriguez)
300 ## - DESCRIPCIÓN FÍSICA
Extensión 28 p. ;
Dimensiones 20 cm.
500 ## - NOTA GENERAL
Nota general En port.: Estrenada en el teatro Español el 21 de diciembre de 1874.
530 ## - NOTA DISPONIBLE DE FORMULARIO FÍSICO ADICIONAL
Nota de formato físico adicional disponible Disponible en formato digital.
594 ## - Nota al título y mención de responsabilidad
Nota al título y mención de responsabilidad En la cubierta: Administración Lírico-Dramática.
700 1# - ENTRADA AGREGADA--NOMBRE PERSONAL
Nombre de persona Aza, Vital,
Fechas asociadas al nombre 1851-1912
9 (RLIN) 24210
852 ## - LOCALIZACIÓN
Ubicación ES-MaACL
Número de control de estantería F-8562(8)
Nota libre -- Enc. pasta española
condición física -- Falto de la cub. original
Nota libre -- Enc. en un vol. facticio formando parte de la col. facticia "Teatro español moderno", vol. 14
-- .- Firma manuscrita de Gustavo Saenz Díez, 1876
856 ## - LOCALIZACIÓN Y ACCESO ELECTRÓNICOS
Identificador Uniforme de Recursos <a href="http://bdh-rd.bne.es/viewer.vm?id=0000174512&page=1 ">http://bdh-rd.bne.es/viewer.vm?id=0000174512&page=1 </a>
Nota pública Biblioteca Digital Hispánica
Holdings
Estatus retirado Estado de pérdida Estado de daño No para préstamo Colección Biblioteca de origen Biblioteca actual Ubicación en estantería Fecha de adquisición Total de préstamos Signatura topográfica completa Código de barras Visto por última vez Precio de reemplazo Tipo de ítem Koha
        Colección digital Biblioteca del Ateneo de Madrid Biblioteca del Ateneo de Madrid Sala Pecera Planta 2 17/01/2008   F-8562(8) 1170732 23/02/2023 23/02/2023 Libro impreso antiguo